00470nam a2200157 a 450000100100000000500170001000800410002704000250006808200150009324500670010825000120017526000350018730000210022270000350024371000340027800004523720201002050007.0150212s1988 dr 000 0 spa d aDO-SdBNPbspacBNPHU axxxxbxxxx00aCantemos al Señor. /crecopilación Samia María Abkarian. a4a. ed. aSanto Domingo :bITESA,c1988. a166 p. ;c21 cm.1 aAbkarian, Samia María,erec.1 aInstituto Técnico Salesiano